| 000 | 00358nam a22001457a 4500 | ||
|---|---|---|---|
| 008 | 250514b ||||| |||| 00| 0 eng d | ||
| 020 | _a9780314128065 | ||
| 041 | _aeng | ||
| 080 |
_2FIFTH EDITION _a330MOY |
||
| 082 |
_2330MOY _a330MOY |
||
| 100 | _a24 | ||
| 101 | _aBUSINESS | ||
| 245 |
_aTHE LAW OF BUSINESS ORGANIZATIONS _cJOHN E.MOYE |
||
| 942 |
_2udc _cBK |
||
| 999 |
_c60717 _d60717 |
||